000 00650nam a2200229 a 4500
008
020 _a0471954179 (pbk.)
049 _aMAIN
090 _aQC753.2
_bCRA
100 1 _aCraik, Derek.
245 1 0 _aMagnetism :
_bprinciples and applications /
_cDerek Craik.
260 _aChichester :
_bWiley,
_cc1995.
300 _aviii, 459 p. :
_bill. ;
_c25 cm.
504 _aIncludes bibliographical references.
500 _aIncludes index.
650 0 _aMagnetism.
907 _a.b10042155
_b18-09-12
_c17-04-03
003
005 20230123133554.0
040 _cNUST
942 _cBOOKS
_kQC753.2
_mCRA
999 _c150912
_d150912